Largest Countries Containing F, J, or Q - Statistics

General Stats
  • This quiz has been taken 441 times
  • The average score is 13 of 20
Answer Stats
km Country mi % Correct
640,679 France 247,368
93%
11,586 Qatar 4,473
93%
338,424 Finland 130,666
89%
18,272 Fiji 7,055
87%
377,930 Japan 145,920
87%
10,991 Jamaica 4,244
81%
89,342 Jordan 34,495
81%
801,590 Mozambique 309,500
68%
652,230 Afghanistan 251,830
64%
2,344,858 D.R. Congo 905,355
59%
143,100 Tajikistan 55,300
58%
438,317 Iraq 169,235
56%
342,000 R. Congo 132,000
54%
23,200 Djibouti 9,000
52%
1,221,037 South Africa 471,445
51%
622,984 C.A.R. 240,535
49%
702 Fed. States Microneia 271
48%
86,600 Azerbaijan 33,400
45%
28,051 Equatorial Guinea 10,831
45%
272,967 Burkina Faso 105,393
38%
No matching quizzes found
Score Distribution
Percent of People with Each Score
Percentile by Number Answered
Your Score History
You have not taken this quiz